| 000 | 01531nam a22002777a 4500 | ||
|---|---|---|---|
| 005 | 20250420134814.0 | ||
| 008 | 200729b ||||| |||| 00| 0 eng d | ||
| 020 | _a9780071635400 | ||
| 040 | _cKCST | ||
| 082 |
_a515.02462 _bSp Sc |
||
| 100 |
_aSpiegel, Murray R. _94797 |
||
| 245 |
_aSchaum's outlines of advanced mathematics for engineers and scientists: _b950 fully solved problems/ _cMurray R. Spiegel. |
||
| 260 |
_a[not identified]: _bMc-Graw Hill _c©1971 |
||
| 300 |
_a407 pages : _billustrations ; _c28 cm. |
||
| 440 |
_aSchaum's outline series _94798 |
||
| 505 | _aReview of fundamental concepts -- Ordinary differential equations -- Linear differential equations -- Laplace transforms -- Vector analysis -- Multiple, line and surface integrals and integral theorems -- Fourier series -- Fourier integrals -- Gamma, beta and other special functions -- Bessel functions -- Legendre functions and other orthogonal functions -- Partial differential equations -- Complex variables and conformal mapping -- Complex inversion formula for Laplace transforms -- Matrices -- Calculus of variations. | ||
| 650 |
_aScience _vMathematics _xProblems, exercises, etc. _94799 |
||
| 650 |
_aEngineering mathematics _vProblems, exercises, etc. _9339 |
||
| 650 |
_aEngineering mathematics _vOutlines, syllabi, etc. _94800 |
||
| 655 |
_aOutlines and syllabi _94801 |
||
| 655 |
_aProblems and exercises _94802 |
||
| 655 |
_aProblems, exercises, etc. _94803 |
||
| 655 |
_aOutlines, syllabi, etc. _94804 |
||
| 942 | _cBK | ||
| 942 | _2ddc | ||
| 999 |
_c521 _d521 |
||